000
00291nam a22001457a 4500
003
SGT
020
_a
9781138033214
082
_b
SAU
100
_a
SAUKKO, PEKKA
245
_a
KNIGHT'S FORENSIC PATHOLOGY
250
_a
4TH
260
_b
CRC PRESS
_c
2016
300
_a
666
942
_2
ddc
_c
BK
999
_c
15799
_d
15799